000 01179nac a22003617a 4500
001 BR0303393
003 BR-BrBNA
005 20240105122835.0
008 230509b bl.|||m| |||| 00| 0 por d
040 _aBR-BrBNA
_bpor
_cBiblioteca Nacional de Agricultura
072 _aE70
090 _a8420 BR0303393
100 1 _aBarni, E.J.
100 1 _aSilva, M.C.
100 1 _aRosa, R. de C.C.
100 1 _aOgliari, R.A.
110 1 _aEmpresa de Pesquisa Agropecuária e Extensão Rural de Santa Catarina S.A. Florianópolis (Brasil)
245 1 _aEstudo do mercado de mexilhões em São Paulo, Curitiba e Porto Alegre
260 3 _aFlorianópolis, SC (Brasil):
_c2003.
300 _a43 p.
490 _aDocumentos - Empresa de Pesquisa Agropecuária e Extensão Rural de Santa Catarina S.A. (Brazil)
_vno. 210
_xISSN 0100-8986
500 _a7 illus., 22 tables
650 _aMEXILHÃO
650 _aMERCADO
650 _aCONSUMO
650 _aHÁBITO ALIMENTAR
650 _aSEGURANÇA ALIMENTAR
650 _aSÃO PAULO
650 _aPARANÁ
650 _aRIO GRANDE DO SUL
909 _a202312
_bLúcia Elande
_c55
_dLúcia Elande
942 _2AGRIS
_n0
_cMS
999 _c293017
_d293017